UEFA European Championship Host Cities 1960-2028 - Statistics

General Stats
  • This quiz has been taken 285 times
  • The average score is 87 of 114
Answer Stats
Edition City % Correct
France 1960 | France 1984 | France 2016 Paris
99%
Spain 1964 Madrid
98%
France 1960 | France 1984 | France 2016 Marseille
98%
Italy 1968 | Italy 1980 | Various Nations 2021 Rome
98%
Spain 1964 Barcelona
97%
England 1996 | United Kingdom & Ireland 2028 | Various Nations 2021 London
97%
Belgium & Netherlands 2000 | Belgium 1972 Brussels
96%
England 1996 | United Kingdom & Ireland 2028 Manchester
95%
Italy 1980 Milan
95%
England 1996 | United Kingdom & Ireland 2028 Liverpool
94%
Italy 1968 | Italy 1980 Naples
94%
Belgium & Netherlands 2000 | Various Nations 2021 Amsterdam
93%
Germany 2024 Berlin
93%
Portugal 2004 Lisbon
93%
Germany 2024 | Various Nations 2021 | West Germany 1988 Munich
93%
Poland & Ukraine 2012 Warsaw
93%
Poland & Ukraine 2012 Kyiv
92%
France 1984 | France 2016 Lyon
92%
Portugal 2004 Porto
92%
Germany 2024 | West Germany 1988 Hamburg
91%
Italy 1980 Turin
91%
Austria & Switzerland 2008 Vienna
91%
Sweden 1992 Stockholm
90%
Austria & Switzerland 2008 Bern
89%
England 1996 | United Kingdom & Ireland 2028 Birmingham
88%
United Kingdom & Ireland 2028 Dublin
88%
United Kingdom & Ireland 2028 | Various Nations 2021 Glasgow
88%
Belgium & Netherlands 2000 Rotterdam
88%
Germany 2024 Dortmund
87%
Austria & Switzerland 2008 Zurich
86%
Yugoslavia 1976 Belgrade
84%
Germany 2024 | West Germany 1988 Dusseldorf
84%
Germany 2024 | West Germany 1988 Frankfurt
84%
England 1996 | United Kingdom & Ireland 2028 Newcastle
84%
Germany 2024 | West Germany 1988 Stuttgart
84%
Sweden 1992 Malmo
83%
Belgium 1972 Antwerp
82%
France 2016 Bordeaux
82%
France 2016 Lille
82%
Germany 2024 | West Germany 1988 Cologne
81%
France 2016 Nice
81%
Germany 2024 Leipzig
80%
Austria & Switzerland 2008 Salzburg
80%
Yugoslavia 1976 Zagreb
80%
United Kingdom & Ireland 2028 Cardiff
79%
United Kingdom & Ireland 2028 Belfast
78%
England 1996 Leeds
78%
Poland & Ukraine 2012 Donetsk
76%
Sweden 1992 Gothenburg
76%
Austria & Switzerland 2008 Geneva
73%
Italy 1968 Florence
72%
France 1984 Nantes
71%
Portugal 2004 Braga
70%
Poland & Ukraine 2012 Gdansk
70%
Austria & Switzerland 2008 Basel
68%
Belgium & Netherlands 2000 Bruges
68%
Belgium & Netherlands 2000 Eindhoven
67%
Various Nations 2021 Budapest
66%
Poland & Ukraine 2012 Lviv
65%
France 1984 Strasbourg
64%
France 2016 Toulouse
64%
Various Nations 2021 Copenhagen
63%
Poland & Ukraine 2012 Kharkiv
62%
Germany 2024 | West Germany 1988 Gelsenkirchen
61%
France 1984 | France 2016 Saint-Etienne
61%
West Germany 1988 Hanover
59%
Belgium & Netherlands 2000 | Belgium 1972 Liege
59%
England 1996 Sheffield
59%
Various Nations 2021 Bucharest
58%
England 1996 Nottingham
58%
Various Nations 2021 Baku
57%
Austria & Switzerland 2008 Innsbruck
54%
Poland & Ukraine 2012 Wroclaw
54%
Various Nations 2021 Seville
51%
Poland & Ukraine 2012 Poznan
49%
Various Nations 2021 Saint-Petersburg
48%
Portugal 2004 Faro
47%
France 1984 | France 2016 Lens
44%
Belgium & Netherlands 2000 Charleroi
36%
Austria & Switzerland 2008 Klagenfurt
32%
Portugal 2004 Guimaraes
28%
Portugal 2004 Coimbra
27%
Belgium & Netherlands 2000 Arnhem
23%
Sweden 1992 Norrkoping
18%
Portugal 2004 Aveiro
15%
Portugal 2004 Leiria
10%
No matching quizzes found
Score Distribution
Percent of People with Each Score
Percentile by Number Answered
Your Score History
You have not taken this quiz